000 00383nam a22001697a 4500
005 20260509104924.0
008 160531b xxu||||| |||| 00| 0 eng d
020 _a81-866-486-0
041 _aeng
082 _a659.1
100 _aChunawala and other
_91560
245 _aFoundations of Advertising
260 _bHPH
_c2004
300 _a918
650 _aManagement
942 _cBK
999 _c2200
_d2199